000 00366 a2200157 4500
001 76078
020 _a9788541110242
040 _cAnchieta - Colégio São Paulo
100 _aMagalhães, Aline
240 1 0 _aDeco, coração de ouro
_lpor
245 1 0 _aDeco, coração de ouro
300 _a[32]
362 0 _a2015
650 4 _aLiteratura infantil
942 _cBK
999 _c76078
_d76078